Cuentos para niñas y niños Felices; (Registro nro. 13933)
[ vista simple ]
| 000 -CABECERA | |
|---|---|
| campo de control de longitud fija | 00661nam a22002175a 4500 |
| 001 - NÚMERO DE CONTROL | |
| campo de control | 1663231 |
| 003 - IDENTIFICADOR DEL NÚMERO DE CONTROL | |
| campo de control | OSt |
| 005 - FECHA Y HORA DE LA ÚLTIMA TRANSACCIÓN | |
| campo de control | 20250402173857.0 |
| 008 - DATOS DE LONGITUD FIJA--INFORMACIÓN GENERAL | |
| campo de control de longitud fija | 200917s2019 sp gr 000 0 spa d |
| 020 ## - NÚMERO INTERNACIONAL ESTÁNDAR DEL LIBRO | |
| Número Internacional Estándar del Libro | 9789584287557 |
| 040 ## - FUENTE DE LA CATALOGACIÓN | |
| Centro catalogador/agencia de origen | CO-MqBPB |
| Lengua de catalogación | spa |
| Centro/agencia transcriptor | CO-MqBPB |
| Normas de descripción | rda |
| 041 0# - CÓDIGO DE LENGUA | |
| Código de lengua del texto/banda sonora o título independiente | spa |
| 082 04 - NÚMERO DE LA CLASIFICACIÓN DECIMAL DEWEY | |
| Número de clasificación | C |
| Número de documento/Ítem | ROVc |
| 100 1# - ENTRADA PRINCIPAL--NOMBRE DE PERSONA | |
| Nombre de persona | Rovira, Alex. |
| 245 13 - MENCIÓN DE TÍTULO | |
| Título | Cuentos para niñas y niños Felices; |
| Mención de responsabilidad, etc. | 35 historias con valores para sembrar felicidad |
| 250 ## - MENCIÓN DE EDICIÓN | |
| Mención de edición | Segunda edición ; |
| 264 #1 - PRODUCCIÓN, PUBLICACIÓN, DISTRIBUCIÓN, FABRICACIÓN Y COPYRIGHT | |
| Producción, publicación, distribución, fabricación y copyright | Bogotá : |
| Nombre del de productor, editor, distribuidor, fabricante | Editorial Planeta Colombiana S.A., |
| Fecha de producción, publicación, distribución, fabricación o copyright | 2021. |
| 300 ## - DESCRIPCIÓN FÍSICA | |
| Extensión | 174 páginas ; |
| Dimensiones | 24 cm. |
| Otras características físicas | Tapa rustica, ilustraciones a color |
| 942 ## - ELEMENTOS DE PUNTO DE ACCESO ADICIONAL (KOHA) | |
| Fuente del sistema de clasificación o colocación | |
| Tipo de ítem Koha | Libro Infantil |
| 949 ## - PROCESAMIENTO DE INFORMACIÓN LOCAL (OCLC) | |
| a | n |
| b | n |
| Estado de retiro | Estado de pérdida | Fuente del sistema de clasificación o colocación | Estado dañado | No para préstamo | Código de colección | Localización permanente | Ubicación/localización actual | Fecha de adquisición | Fuente de adquisición | Número de inventario | Total de préstamos | Renovaciones totales | Signatura topográfica completa | Código de barras | En préstamo | Fecha visto por última vez | Fecha del último préstamo | Número de copia | Precio válido a partir de | Tipo de ítem Koha | Nota pública | Ubicación en estantería |
|---|---|---|---|---|---|---|---|---|---|---|---|---|---|---|---|---|---|---|---|---|---|---|
| Literatura Infantil | Biblioteca Pública San Juan Bosco | Biblioteca Pública San Juan Bosco | 28/10/2021 | Compra BPSJBM 2021 | NT | 16 | 1 | C ROVc | MOS501874 | 04/01/2024 | 18/12/2023 | 18/12/2023 | EJ.1 | 28/10/2021 | Libro Literatura | Quince días | ||||||
| Literatura Infantil | Biblioteca Pública San Juan Bosco | Biblioteca Pública San Juan Bosco | 02/04/2025 | Compra 2024 | NT | 4 | C ROVc | MOS504254 | 04/06/2026 | 14/05/2026 | Ej.2 | 02/04/2025 | Libro Literatura | Quince días | Literatura | |||||||
| Literatura Infantil | Biblioteca Pública San Juan Bosco | Biblioteca Pública San Juan Bosco | 02/04/2025 | Compra 2024 | NT | 2 | 1 | C ROVc | MOS504255 | 14/05/2026 | 14/05/2026 | Ej.3 | 02/04/2025 | Libro Literatura | Quince días | Literatura | ||||||
| Literatura Infantil | Biblioteca Pública San Juan Bosco | Biblioteca Pública San Juan Bosco | 02/04/2025 | Compra 2024 | NT | 3 | 3 | C ROVc | MOS504256 | 31/03/2033 | 19/03/2026 | 19/03/2026 | Ej.4 | 02/04/2025 | Libro Literatura | Quince días | Literatura | |||||
| Literatura Infantil | Biblioteca Pública San Juan Bosco | Biblioteca Pública San Juan Bosco | 03/03/2026 | Compra 2025 | NT | C ROVc | MOS504707 | 03/03/2026 | Ej.5 | 03/03/2026 | Libro Literatura | Quince días | Literatura | |||||||||
| Literatura Infantil | Biblioteca Pública San Juan Bosco | Biblioteca Pública San Juan Bosco | 03/03/2026 | Compra 2025 | NT | C ROVc | MOS504708 | 03/03/2026 | Ej.6 | 03/03/2026 | Libro Literatura | Quince días | Literatura |
